Central Library OPAC University of Rajshahi

The standard edition of the complete psychological works of Sigmund Freud / (Record no. 29037)

MARC details
000 -LEADER
fixed length control field 03967cam a22003851 4500
001 - CONTROL NUMBER
control field 29037
003 - CONTROL NUMBER IDENTIFIER
rucl marc code BD-RjUL
005 - DATE AND TIME OF LATEST TRANSACTION
control field 20211209051349.0
008 - FIXED-LENGTH DATA ELEMENTS--GENERAL INFORMATION
fixed length control field 140402s1955 enkac b 001 0 engdd
020 ## - INTERNATIONAL STANDARD BOOK NUMBER
International Standard Book Number 0876681356
035 ## - SYSTEM CONTROL NUMBER
System control number (BD-RjUL)29122
040 ## - CATALOGING SOURCE
Original cataloging agency DLC
Transcribing agency DLC
Modifying agency DLC
-- BD-RjUL
Language of cataloging eng
041 1# - LANGUAGE CODE
Language code of text/sound track or separate title engger
082 00 - DEWEY DECIMAL CLASSIFICATION NUMBER
Classification number 131.3462
Author mark and year FRS V-10 1955
100 1# - MAIN ENTRY--PERSONAL NAME
Personal name Freud, Sigmund,
Dates associated with a name 1856-1939.
9 (RLIN) 88698
245 14 - TITLE STATEMENT
Title The standard edition of the complete psychological works of Sigmund Freud /
Statement of responsibility, etc. Translated from the German under the general editorship of James Strachey, in collaboration with Anna Freud, assisted by Alix Strachey and Alan Tyson.
Number of part/section of a work Volume X :
Name of part/section of a work Two Case Histories
260 ## - PUBLICATION, DISTRIBUTION, ETC. (IMPRINT)
Place of publication, distribution, etc. London :
Name of publisher, distributor, etc. Hogarth Press,
Date of publication, distribution, etc. 1955.
300 ## - PHYSICAL DESCRIPTION
Pagination 342 p. :
Illustrations ill. ;
Size 22 cm.
500 ## - GENERAL NOTE
General note Vol. 24, indexes and bibliographies, compiled by A. Richards.
General note Supplemented by: Abstracts of The standard edition of the complete psychological works of Sigmund Freud. Edited by Carrie Lee Rothgeb. Rockville, Md., National Institute of Mental Health; [for sale by the Supt. of Docs., U.S. Govt. Print. Off., Washington, 1971] ix, 180, 47 p. 27 cm. BF173.F6253 Suppl.
General note Supplemented by: Abstracts of The standard edition of the complete psychological works of Sigmund Freud. Edited by Carrie Lee Rothgeb. New York, International Universities Press [1973] ix, 572, 189 p. 23 cm. BF173.F6253 Suppl. 2.
General note Supplemented by: Abstracts of The standard edition of the complete psychological works of Sigmund Freud. Edited by Carrie Lee Rothgeb. With an introd. On reading Freud, by Robert R. Holt. New York, J. Aronson [c1973] 315 p. 28 cm. BF173.F6253 Suppl. 3
504 ## - BIBLIOGRAPHY, ETC. NOTE
Bibliography, etc Includes bibliographies. and Index
505 0# - FORMATTED CONTENTS NOTE
Formatted contents note v. 1. Pre-psycho-analytic publications and unpublished drafts (1886-1899) -- v. 2. Studies on hysteria / Josef Breuer and Sigmund Freud (1893-1895) -- v. 3. Early psycho-analytic publications (1893-1899) -- v. 4. The interpretation of dreams (first part) (1900) -- v. 5. The interpretation of dreams (second part) and On dreams (1900-1901) -- v. 6. The psychopathology of everyday life (1901) -- v. 7. A case of hysteria, Three essays on sexuality, and Other works (1901-1905) -- v. 8. Jokes and their relation to the unconscious (1905) -- v. 9. Jensen's 'Gradiva' and other works (1906-1908) -- v. 10. Two case histories ('Little Hans' and the 'Rat Man') (1909) -- v. 11. Five lectures on psycho-analysis, Leonardo da Vinci and Other works (1910) -- v. 12. Case history of Schreber, Papers on Technique and Other works (1911-1913) -- v. 13. Totem and taboo and Other works (1913-1914) -- v. 14. On the history of the psycho-analytic movement, Papers on metapsychology and Other works (1914-1916) -- v. 15. Introductory lectures on psycho-analysis (parts I and II) (1915-1916) -- v. 16. Itroductory lectures on psycho-analysis (part III) (1916-1917) -- v. 17. An infantile neurosis and Other works (1917-1919) -- v. 18. Beyond the pleasure principle, Group psychology and Other works (1920-1922) -- v. 19. 1923-1925, The ego and the id and Other works (1923-1925) -- v. 20. An autobiographical study, Inhibitions, symptoms and anxiety, The question of lay analysis and Other works (1925-1926) -- v. 21. The future of an illusion, Civilization and its discontents and Other works (1927-1931) -- v. 22. New introductory lectures on psycho-analysis and Other works (1933-1936) -- v. 23. Moses and monotheism, An outline of psycho-analysis and Other works (1937-1939) -- v. 24. Indexes and bibliographies / compiled by Angela Richards.
650 #0 - SUBJECT ADDED ENTRY--TOPICAL TERM
Topical term or geographic name as entry element Psychoanalysis.
9 (RLIN) 88699
700 1# - ADDED ENTRY--PERSONAL NAME
Personal name Strachey, James,
Relator term ed.
Personal name Freud, Anna,
Dates associated with a name 1895-1982,
Relator term ed.
Personal name Rothgeb, Carrie Lee,
Dates associated with a name 1925-
Relator term ed.
Personal name Richards, Angela.
710 2# - ADDED ENTRY--CORPORATE NAME
Corporate name or jurisdiction name as entry element Scientific Literature Corporation.
9 (RLIN) 88703
942 ## - ADDED ENTRY ELEMENTS (KOHA)
Source of classification or shelving scheme Dewey Decimal Classification
Koha item type Books
Holdings
Lost status Source of classification or shelving scheme Damaged status Not for loan Collection code Permanent Location Current Location Shelving location Date acquired Source of acquisition Cost, normal purchase price Total Checkouts Full call number Date last seen Copy number Koha item type
  Dewey Decimal Classification   Added to bundle Non-fiction Central Library, University of Rajshahi Central Library, University of Rajshahi Reading Room 07/09/1955 B. H. Black Well 0.00   131.3462 FRS V-10 1955 02/04/2014 C-1 Books